书目信息 |
| 题名: |
全战仪与高等级公路测量
|
|
| 作者: | 聂让 编著 | |
| 分册: | ||
| 出版信息: | 北京 人民交通出版社 1997.12 |
|
| 页数: | 310页 | |
| 开本: | 20cm | |
| 丛书名: | ||
| 单 册: | ||
| 中图分类: | U412.24 | |
| 科图分类: | ||
| 主题词: | 道路工程 | |
| 电子资源: | ||
| ISBN: | 7-114-02641-2 | |
| 000 | 00559nam0 2200193 45 | |
| 001 | 0932987713 | |
| 005 | 20091013091049.56 | |
| 010 | @a7-114-02641-2@dCNY23.00 | |
| 100 | @a19991129d1997 km y0chiy0120 ea | |
| 101 | @achi | |
| 200 | 1 | @a全战仪与高等级公路测量@AQuan Zhan Yi Yu Gao DengJi Gong Lu Ce Liang@f聂让编著@FNie Rang Bian Zhu |
| 210 | @a北京@c人民交通出版社@d1997.12 | |
| 215 | @a310页@d20cm | |
| 606 | 0 | @a道路工程 |
| 690 | @aU412.24@v4 | |
| 690 | @v3 | |
| 701 | @a聂让@4编著 | |
| 801 | @aCN@bPFTUser@c20091013 | |
| 905 | @f3@b45037-039@dU412.24@eN5721 | |
| 全战仪与高等级公路测量/聂让编著.-北京:人民交通出版社,1997.12 |
| 310页;20cm |
| ISBN 7-114-02641-2:CNY23.00 |
| ● |
| 相关链接 |
|
|
|
正题名:全战仪与高等级公路测量
索取号:U412.24/N5721
 
预约/预借
| 序号 | 登录号 | 条形码 | 馆藏地/架位号 | 状态 | 备注 |
| 1 | 891110 | 208911105 | 自科库501/501自科库 51排4列1层/ [索取号:U412.24/N5721] | 在馆 | |
| 2 | 891111 | 208911114 | 自科库501/501自科库 51排4列1层/ [索取号:U412.24/N5721] | 在馆 |